000 00508nam a2200181 i 4500
001 32736
003 ES-MaACL
005 20230906154628.0
007 t|
008 030131s1970 sp ||||1| spa d
100 1 _aBerto, Giuseppe.
_928474
245 1 3 _aEl mal oscuro /
_cGiuseppe Berto ; [traducción de Sergio Pitol].
250 _a[1ª ed.].
260 _aBarcelona :
_bSeix Barral,
_c[1970]
300 _a342 p. ;
_c20 cm.
700 1 _aPitol, Sergio.
_992416
852 _aES-MaACL
_jC-39833
_bR.73676
999 _c32736
_d32736